01203nam a2200193Ia 4500001001100000003001000011008004100021040002500062041001300087100004500100245010800145250001100253260008400264300001200348500026000360501011400620520026000734650001500994L265-28500IT-CnALBA170116s9999||||xx |||||||||||||| ||und|| aIT-CnALBAcIT-CnALBA aITALIANO aMAGRASSI MARIANO, OSB., VESCOVO DI BARI. 0aIL SACRAMENTO DELLA RICONCILIAZIONE NELLA CHIESA DI OGGI. LITURGIA PASTORALE ARTE E MUSICA SACRA 1984.  a1a ed. aNOCI (BARI)bLA SCALA, EDIZIONI c1984 [1° Ed.:1984 - Ed.Ling.Originale: 1984] a193 p.  aCONVEGNI REGIONALI DI PUGLIA. PRESENTAZIONE DI BUX N. SACRAMENTO DELLA RICONCILIAZIONE. MANNARINI E. MINCUZZI M. ARTE SACRA. MUSICA. CARATA G. COLONNA M. RICONCILIAZIONE E STORIA DELLA SALVEZZA. EUCARESTIA PERDONO E PACE. VITA CRISTIANA COME RICONCILIAZIO aSocietà San Paolo EM - Piazza San Paolo, 14 - 12051 ALBA (CN) (non commercial uses only) ® Copyright 2017 aCONVEGNI REGIONALI DI PUGLIA. PRESENTAZIONE DI BUX N. SACRAMENTO DELLA RICONCILIAZIONE. MANNARINI E. MINCUZZI M. ARTE SACRA. MUSICA. CARATA G. COLONNA M. RICONCILIAZIONE E STORIA DELLA SALVEZZA. EUCARESTIA PERDONO E PACE. VITA CRISTIANA COME RICONCILIAZIO aSACRAMENTI